00477 a2200169 4500001000700000003000400007005001700011008004100028082002000069100002100089245008900110250001200199260004800211300001000259700002000269700001800289066012OSt20210907115100.0  a801.95014bW83K1 aWolfreys, Julian1 aKey concepts in literary theorycby Julian Wolfreys, Kenneth Womack and Ruth Robbins a2nd ed. aEdinburghbEdinburgh University Pressc2007 a190p. aWomack, Kenneth aRobbins, Ruth